| 000 | 01399cam a2200313 a 4500 | ||
|---|---|---|---|
| 999 |
_c234424 _d234424 |
||
| 001 | 12842824 | ||
| 003 | Nust | ||
| 005 | 20170320165842.0 | ||
| 008 | 020703s2003 caua b 000 0 eng | ||
| 010 | _a 2002281066 | ||
| 020 | _a0534561888 | ||
| 040 |
_aDLC _cDLC _dDLC |
||
| 050 | 0 | 0 |
_aGE42 _b.V36 2003 |
| 082 | 0 | 0 |
_a179.1 VAN _221 |
| 100 | 1 |
_aVanDeVeer, Donald, _d1939- |
|
| 245 | 1 | 4 |
_aThe environmental ethics and policy book : _bphilosophy, ecology, economics / _cDonald VanDeVeer, Christine Pierce. |
| 246 | 1 | 4 | _aEnvironmental ethics & policy book |
| 250 | _a3rd ed. | ||
| 260 |
_aBelmont, CA : _bThomson/Wadsworth, _cc2003. |
||
| 300 |
_axxx, 674 p. : _bill. ; _c24 cm. |
||
| 500 | _aP.B | ||
| 504 | _aIncludes bibliographical references (p. 659-674). | ||
| 650 | 0 | _aEnvironmental ethics. | |
| 650 | 0 |
_aEnvironmental policy _xMoral and ethical aspects. |
|
| 700 | 1 | _aPierce, Christine. | |
| 856 | 4 | 2 |
_3Contributor biographical information _uhttp://www.loc.gov/catdir/enhancements/fy1103/2002281066-b.html |
| 856 | 4 | 2 |
_3Publisher description _uhttp://www.loc.gov/catdir/enhancements/fy1103/2002281066-d.html |
| 856 | 4 | 1 |
_3Table of contents only _uhttp://www.loc.gov/catdir/enhancements/fy1215/2002281066-t.html |
| 906 |
_a7 _bcbc _corigcop _d2 _encip _f20 _gy-gencatlg |
||
| 942 |
_2ddc _cBK _k179.1 VAN |
||